000 01347cam a22003617a 4500
003 CHAP
005 20220817043505.0
008 990120d1993 mx ab r 00010 spa d
010 _a76547
011 _a77519
020 _a970620315X
035 _a87127
040 _cCHAP
082 0 4 _a327.7207
_bS5Y
100 0 0 _aSmith, Clint E.
_9106977
245 1 3 _aLa frontera que desaparece :
_brelaciones México-Estados Unidos hacia los noventa
_c/por Clint E. Smith
260 _aMéxico, D.F. :
_bUniversidad Autónoma Metropolitana. Unidad Azcapotzalco,
_c1993.
300 _a172 p. :
_bilus. ; gráfs. ; mapas
590 _aBATCH-UPD
_b10
_c20130110
_lUCH01
_h0347
590 _aBATCH-UPD
_b10
_c20130110
_lUCH01
_h2114
590 _aBATCH-UPD
_b10
_c20130410
_lUCH01
_h0020
590 _aBATCH-UPD
_b10
_c20130410
_lUCH01
_h1546
590 _aBATCH-UPD
_b10
_c20130914
_lUCH01
_h1828
590 _aCONVERSION
_b10
_c20130109
_lUCH01
_h1342
650 1 4 _aMéxico
_xRelaciones exteriores
_xE.U.A.
_976792
650 1 4 _aMéxico
_xRelaciones exteriores
_xTratados.
_976797
650 1 4 _aTratado Trilateral de Libre Comercio.
901 _aBK
905 _aMayto Villalobos S.
942 _cLIBRO
949 _a327.7207 S5Y
_bBC
_cLIBRO
_d33724000709374
_eLIBRO
_fc.2
_h94306
_i87127
_si
949 _a327.7207 S5Y
_bBC
_cLIBRO
_d33724000906707
_eLIBRO
_h94305
_i87127
_si
999 _c76547
_d76547